000 00397nam a22001571a 4500
082 _a305.409 54
_bSHO/I
100 _aShoma A Chatterji
245 _aThe Indian women's search for an identity/
_cby Shoma A Chatterji
250 _a2nd
260 _aNew Delhi:
_bVikas,
_c1997.
300 _a284p.
650 _aWomen India
650 _aWomen Studies
650 _aSocial Sciences
942 _cBK
999 _c19904
_d19904